[Event "20. Open Ciutat de Montcada 2010"]
[Site "Montcada i Reixac ESP"]
[Date "2012.07.01"]
[Round "7.3"]
[White "Peralta, Fernando"]
[Black "Margvelashvili, Giorgi"]
[Result "1-0"]
[WhiteElo "2590"]
[BlackElo "2552"]
[PlyCount "89"]
[EventDate "2012.06.25"]
[EventType "swiss"]
[EventRounds "9"]
[EventCountry "ESP"]
[Source "lmi"]
[SourceDate "2012.06.25"]

1. d4 e6 2. c4 Bb4+ 3. Bd2 Bxd2+ 4. Qxd2 Nf6 5. Nc3 d5 6. cxd5 exd5 7. e3 O-O
8. Bd3 Re8 9. Nge2 b6 10. b4 c6 11. a4 Nbd7 12. O-O a5 13. b5 c5 14. Rfd1 Bb7
15. Rac1 Qe7 16. Bb1 Rad8 17. Ba2 c4 18. Ng3 Nf8 19. Re1 Ne6 20. f3 g6 21. Qf2
Qa3 22. Bb1 Kg7 23. h3 Re7 24. Nge2 Nc7 25. Rf1 Rdd7 26. Ng3 Qd6 27. Rcd1 Qa3
28. Rc1 Qd6 29. Rfd1 h5 30. Re1 Re8 31. Nf1 Rde7 32. Nd2 Rd8 33. Red1 Qd7 34.
Nf1 Rde8 35. Qg3 Re6 36. Bf5 Qe7 37. Bxe6 Nxe6 38. e4 Qa3 39. e5 Ng8 40. Rc2
Ne7 41. Ne3 Kg8 42. Qe1 Nf4 43. Ra2 Qb4 44. Rb1 Nd3 45. Qd2 1-0

[Event "20. Open Ciutat de Montcada 2010"]
[Site "Montcada i Reixac ESP"]
[Date "2012.07.01"]
[Round "7.6"]
[White "Del Rio De Angelis, Salvador G"]
[Black "Saptarshi, Roy"]
[Result "1/2-1/2"]
[WhiteElo "2542"]
[BlackElo "2394"]
[PlyCount "99"]
[EventDate "2012.06.25"]
[EventType "swiss"]
[EventRounds "9"]
[EventCountry "ESP"]
[Source "lmi"]
[SourceDate "2012.06.25"]

1. d4 d5 2. c4 e6 3. Nf3 c6 4. Bg5 Be7 5. Bxe7 Qxe7 6. e3 Nf6 7. Nc3 O-O 8. Bd3
Nbd7 9. O-O dxc4 10. Bxc4 e5 11. e4 b5 12. Bb3 Ba6 13. Re1 b4 14. Na4 c5 15.
dxc5 Nxc5 16. Nxc5 Qxc5 17. Rc1 Qe7 18. Bd5 Rac8 19. Qb3 Rxc1 20. Rxc1 Rd8 21.
Rd1 Nxd5 22. Rxd5 Rxd5 23. Qxd5 Bb7 24. Qc4 Qd6 25. h3 h6 26. Kh2 Ba6 27. Qb3
Bd3 28. Qd1 f5 29. Nh4 fxe4 30. Qg4 Qf6 31. Kg1 a6 32. Qc8+ Kh7 33. Nf5 Qf7 34.
a3 bxa3 35. bxa3 Bb5 36. Ne3 Bd3 37. Qc5 Qf4 38. Ng4 Bb5 39. Nxe5 Qg5 40. Qc3
h5 41. Qc5 Qf5 42. Kh1 Qg5 43. Kg1 Qf4 44. g3 Qf5 45. h4 Be2 46. Kg2 Bf3+ 47.
Kh2 Be2 48. Kg2 Bf3+ 49. Kh2 Be2 50. Kg2 1/2-1/2

[Event "20. Open Ciutat de Montcada 2010"]
[Site "Montcada i Reixac ESP"]
[Date "2012.07.01"]
[Round "7.8"]
[White "Panelo, Marcelo"]
[Black "Cuartas, Jaime Alexander"]
[Result "0-1"]
[WhiteElo "2451"]
[BlackElo "2523"]
[PlyCount "72"]
[EventDate "2012.06.25"]
[EventType "swiss"]
[EventRounds "9"]
[EventCountry "ESP"]
[Source "lmi"]
[SourceDate "2012.06.25"]

1. d4 d5 2. c4 c6 3. Nf3 Nf6 4. Nc3 dxc4 5. a4 Bf5 6. Ne5 Nbd7 7. Nxc4 Qc7 8.
g3 e5 9. dxe5 Nxe5 10. Bf4 Nfd7 11. Bg2 f6 12. O-O O-O-O 13. Qc1 g5 14. Nxe5
Nxe5 15. Nb5 cxb5 16. Bxe5 fxe5 17. Qxg5 Bc2 18. Rfc1 Be7 19. Qe3 b4 20. Qxa7
Kd7 21. Qe3 b3 22. Bd5 Bc5 23. Qh6 Bxf2+ 24. Kg2 Qd6 25. Qg7+ Qe7 26. Qg4+ Ke8
27. Rxc2 bxc2 28. Qh5+ Kd7 29. Rc1 Kc7 30. Rxc2+ Bc5 31. Qf3 Rhf8 32. Qb3 Rf2+
33. Kg1 Rxe2+ 34. Kf1 Rxd5 35. Kxe2 Kd6 36. Qc4 Qf6 0-1

[Event "20. Open Ciutat de Montcada 2010"]
[Site "Montcada i Reixac ESP"]
[Date "2012.07.01"]
[Round "7.11"]
[White "Herraiz Hidalgo, Herminio"]
[Black "Cruz, Filemon"]
[Result "1/2-1/2"]
[WhiteElo "2489"]
[BlackElo "2404"]
[PlyCount "91"]
[EventDate "2012.06.25"]
[EventType "swiss"]
[EventRounds "9"]
[EventCountry "ESP"]
[Source "lmi"]
[SourceDate "2012.06.25"]

1. d4 d5 2. c4 c6 3. Nf3 Nf6 4. e3 Bf5 5. Nc3 e6 6. Nh4 Bg6 7. Bd2 Nbd7 8. Nxg6
hxg6 9. Rc1 Bd6 10. g3 Qe7 11. Qb3 Nf8 12. Bg2 N8h7 13. e4 dxe4 14. O-O O-O 15.
Rfe1 Rad8 16. Bxe4 Bc5 17. d5 cxd5 18. cxd5 exd5 19. Bf3 Qd7 20. Nxd5 Bxf2+ 21.
Kxf2 Nxd5 22. Qxd5 Qxd5 23. Bxd5 Rxd5 24. Bb4 Rfd8 25. Rc7 a5 26. Bc3 b6 27.
Rb7 Nf6 28. Rxb6 Rf5+ 29. Kg1 Nd5 30. Rb5 Nxc3 31. Rxf5 gxf5 32. bxc3 Rd2 33.
a4 Ra2 34. Re8+ Kh7 35. Re5 Rxa4 36. Rxf5 Kg6 37. Rb5 Ra2 38. c4 Kf6 39. c5 a4
40. c6 Ke7 41. Rb7+ Ke6 42. c7 Kd7 43. Ra7 a3 44. h4 f5 45. Kh1 g6 46. Kg1
1/2-1/2

[Event "20. Open Ciutat de Montcada 2010"]
[Site "Montcada i Reixac ESP"]
[Date "2012.07.01"]
[Round "7.12"]
[White "Pardo Simon, David"]
[Black "Munoz Pantoja, Miguel"]
[Result "1/2-1/2"]
[WhiteElo "2421"]
[BlackElo "2484"]
[PlyCount "20"]
[EventDate "2012.06.25"]
[EventType "swiss"]
[EventRounds "9"]
[EventCountry "ESP"]
[Source "lmi"]
[SourceDate "2012.06.25"]

1. Nf3 g6 2. e4 Bg7 3. Nc3 d6 4. d4 Nf6 5. Bd3 O-O 6. h3 Nbd7 7. Be3 c6 8. a4
e5 9. dxe5 dxe5 10. Nd2 Qe7 1/2-1/2

[Event "20. Open Ciutat de Montcada 2010"]
[Site "Montcada i Reixac ESP"]
[Date "2012.07.01"]
[Round "7.14"]
[White "Aroshidze, Levan"]
[Black "Palit, Somak"]
[Result "1/2-1/2"]
[WhiteElo "2582"]
[BlackElo "2393"]
[PlyCount "71"]
[EventDate "2012.06.25"]
[EventType "swiss"]
[EventRounds "9"]
[EventCountry "ESP"]
[Source "lmi"]
[SourceDate "2012.06.25"]

1. e4 c5 2. Nf3 a6 3. c3 e6 4. d4 d5 5. exd5 exd5 6. Bd3 c4 7. Bc2 Bd6 8. O-O
Ne7 9. b3 cxb3 10. axb3 Nbc6 11. Bg5 f6 12. Bh4 O-O 13. Bg3 Bf5 14. Nbd2 Rc8
15. Bxf5 Nxf5 16. Qb1 Qd7 17. Qd3 Rfe8 18. Rfc1 Bxg3 19. hxg3 Nd6 20. Nf1 Qf5
21. Qxf5 Nxf5 22. g4 Nfe7 23. Ne3 Rc7 24. g5 f5 25. c4 Nb4 26. Ra4 Nd3 27. Rc3
Nf4 28. Rc2 Rd8 29. Rd2 b5 30. cxb5 axb5 31. Ra5 Rb8 32. Rda2 Nd3 33. Ra7 Rbc8
34. R7a5 Rb8 35. Ra7 Rbc8 36. R7a5 1/2-1/2

[Event "20. Open Ciutat de Montcada 2010"]
[Site "Montcada i Reixac ESP"]
[Date "2012.07.01"]
[Round "7.16"]
[White "Ratsma, Midas"]
[Black "Cori, Jorge"]
[Result "0-1"]
[WhiteElo "1940"]
[BlackElo "2479"]
[PlyCount "70"]
[EventDate "2012.06.25"]
[EventType "swiss"]
[EventRounds "9"]
[EventCountry "ESP"]
[Source "lmi"]
[SourceDate "2012.06.25"]

1. d4 f5 2. c4 Nf6 3. Nc3 g6 4. Nf3 Bg7 5. g3 O-O 6. Bg2 d6 7. O-O Nc6 8. d5
Na5 9. Qd3 c5 10. b3 a6 11. Bg5 Rb8 12. Rae1 b5 13. Nd2 Ng4 14. Nf3 bxc4 15.
bxc4 Rb4 16. h3 Rxc4 17. Nd1 Nf6 18. Bd2 Ra4 19. Nc3 Rb4 20. e4 Nc4 21. a3 fxe4
22. Nxe4 Nxd2 23. axb4 Ndxe4 24. Rxe4 Bf5 25. Ng5 Nxe4 26. Bxe4 cxb4 27. h4 Qc8
28. h5 Qc3 29. Qb1 Bd4 30. Kg2 Qb2 31. Qd3 Bc5 32. hxg6 hxg6 33. Ne6 Bxe4+ 34.
Qxe4 Rxf2+ 35. Kh3 Qh8+ 0-1

[Event "20. Open Ciutat de Montcada 2010"]
[Site "Montcada i Reixac ESP"]
[Date "2012.07.01"]
[Round "7.17"]
[White "Gallart Zafra, Jaume"]
[Black "Gonzalez Perez, Arian"]
[Result "1/2-1/2"]
[WhiteElo "2210"]
[BlackElo "2453"]
[PlyCount "47"]
[EventDate "2012.06.25"]
[EventType "swiss"]
[EventRounds "9"]
[EventCountry "ESP"]
[Source "lmi"]
[SourceDate "2012.06.25"]

1. e4 c5 2. Nf3 Nc6 3. d4 cxd4 4. Nxd4 g6 5. Nc3 Bg7 6. Be3 Nf6 7. Bc4 O-O 8.
f3 Qb6 9. O-O Nxe4 10. Nd5 Bxd4 11. Nxb6 Bxe3+ 12. Kh1 Bxb6 13. fxe4 Ne5 14.
Bd5 d6 15. h3 Kg7 16. a4 Rb8 17. Qd2 a6 18. Qg5 f6 19. Qg3 Bd7 20. Qb3 Bc5 21.
Be6 Bc6 22. Bd5 Bd7 23. Be6 Bc6 24. Bd5 1/2-1/2

[Event "20. Open Ciutat de Montcada 2010"]
[Site "Montcada i Reixac ESP"]
[Date "2012.07.01"]
[Round "7.18"]
[White "Fernandez Cardoso, Alexey"]
[Black "Rodriguez, Eric"]
[Result "1-0"]
[WhiteElo "2437"]
[BlackElo "2311"]
[PlyCount "135"]
[EventDate "2012.06.25"]
[EventType "swiss"]
[EventRounds "9"]
[EventCountry "ESP"]
[Source "lmi"]
[SourceDate "2012.06.25"]

1. e4 e5 2. Nf3 Nc6 3. Bb5 a6 4. Ba4 Nf6 5. Qe2 b5 6. Bb3 Be7 7. c3 O-O 8. d4
exd4 9. e5 Ne8 10. cxd4 d5 11. h3 Bf5 12. O-O Nb4 13. Rd1 a5 14. a4 bxa4 15.
Bxa4 c6 16. Nc3 Nc7 17. Nh2 Bg6 18. f4 c5 19. Be3 cxd4 20. Bxd4 Ne6 21. Qe3
Nxd4 22. Qxd4 Rc8 23. Qd2 Qb6+ 24. Kh1 Rfd8 25. Rf1 Bf5 26. Ne2 Bc5 27. Ng3 Be3
28. Qd1 Bd3 29. Rf3 Be4 30. Ng4 Bxf3 31. Qxf3 Rc1+ 32. Rxc1 Bxc1 33. Nf5 Kh8
34. Nd6 Qc7 35. Qc3 Qxc3 36. bxc3 Kg8 37. cxb4 axb4 38. g3 Ra8 39. Bb3 Ra3 40.
Bxd5 Rxg3 41. Nxf7 b3 42. Nd8+ Kf8 43. Ne6+ Ke7 44. Nxg7 Rd3 45. Nf5+ Kf8 46.
Nf6 Ba3 47. Nxh7+ Ke8 48. Nf6+ Kd8 49. Be4 Rd1+ 50. Kg2 b2 51. Ng7 b1=Q 52.
Bxb1 Rxb1 53. Kf3 Ke7 54. h4 Kf7 55. Nf5 Rf1+ 56. Kg4 Bc1 57. Nh5 Ke6 58. Nd4+
Kd5 59. Nf3 Bb2 60. Nf6+ Ke6 61. h5 Ke7 62. h6 Rh1 63. Ng5 Kf8 64. h7 Kg7 65.
Ne8+ Kh8 66. Nd6 Kg7 67. Ndf7 Rg1+ 68. Kf5 1-0

[Event "20. Open Ciutat de Montcada 2010"]
[Site "Montcada i Reixac ESP"]
[Date "2012.07.01"]
[Round "7.20"]
[White "Vojinovic, Jovana"]
[Black "Capellades Subirana, Marc"]
[Result "1-0"]
[WhiteElo "2375"]
[BlackElo "2234"]
[PlyCount "81"]
[EventDate "2012.06.25"]
[EventType "swiss"]
[EventRounds "9"]
[EventCountry "ESP"]
[Source "lmi"]
[SourceDate "2012.06.25"]

1. d4 Nf6 2. c4 e6 3. Nc3 b6 4. a3 Bb7 5. Nf3 Bxf3 6. gxf3 d5 7. Bg5 Be7 8.
Qa4+ Qd7 9. Qxd7+ Nbxd7 10. Nb5 Kd8 11. Bf4 c6 12. Nd6 Bxd6 13. Bxd6 dxc4 14.
e3 b5 15. a4 Ne8 16. Bg3 Nb6 17. axb5 cxb5 18. Ra5 a6 19. Kd2 Kd7 20. Be2 Nd6
21. Rha1 c3+ 22. Kxc3 Na4+ 23. Kb4 Nb7 24. Rxa6 Rxa6 25. Bxb5+ Rc6 26. Rxa4 Nd8
27. Ra6 h5 28. h4 g5 29. e4 gxh4 30. Bxh4 Kc7 31. Bxd8+ Rxd8 32. Rxc6+ Kb7 33.
Rc1 Rxd4+ 34. Kc3 Rd8 35. Rh1 Rh8 36. Rh4 Kb6 37. Be2 e5 38. b4 Rh6 39. Kd2 Kc7
40. Ke3 Kd6 41. f4 1-0

[Event "20. Open Ciutat de Montcada 2010"]
[Site "Montcada i Reixac ESP"]
[Date "2012.07.02"]
[Round "8.2"]
[White "Lorenzo De La Riva, Lazaro"]
[Black "Peralta, Fernando"]
[Result "1/2-1/2"]
[WhiteElo "2422"]
[BlackElo "2590"]
[PlyCount "40"]
[EventDate "2012.06.25"]
[EventType "swiss"]
[EventRounds "9"]
[EventCountry "ESP"]
[Source "lmi"]
[SourceDate "2012.06.25"]

1. e4 c6 2. d4 d5 3. e5 Bf5 4. Nc3 e6 5. g4 Bg6 6. Nge2 c5 7. h4 h5 8. Nf4 Bh7
9. Nxh5 cxd4 10. Nb5 Nc6 11. Nxd4 Nge7 12. c3 Nxe5 13. Bb5+ N5c6 14. Bg5 Qd6
15. Qe2 a6 16. Ba4 b5 17. Bb3 Nxd4 18. cxd4 Nc6 19. Rd1 Bg6 20. Rh3 Bxh5
1/2-1/2

[Event "20. Open Ciutat de Montcada 2010"]
[Site "Montcada i Reixac ESP"]
[Date "2012.07.02"]
[Round "8.4"]
[White "Cornette, Matthieu"]
[Black "Bakre, Tejas"]
[Result "1-0"]
[WhiteElo "2552"]
[BlackElo "2482"]
[PlyCount "69"]
[EventDate "2012.06.25"]
[EventType "swiss"]
[EventRounds "9"]
[EventCountry "ESP"]
[Source "lmi"]
[SourceDate "2012.06.25"]

1. e4 c6 2. d4 d5 3. e5 c5 4. Nf3 Bg4 5. c3 Nc6 6. dxc5 e6 7. b4 Nge7 8. Nbd2
g6 9. h3 Bxf3 10. Nxf3 Bg7 11. Bf4 Qc7 12. Bb5 O-O 13. O-O Nxe5 14. Kh1 b6 15.
Qe2 f6 16. Nd4 Qc8 17. cxb6 axb6 18. c4 Rd8 19. Rfd1 g5 20. Bg3 N7g6 21. cxd5
Rxd5 22. Rac1 Qxc1 23. Rxc1 Rxd4 24. Bc4 Re8 25. Bb3 Rxb4 26. Qd2 Bf8 27. Rc7
Bc5 28. Bxe5 Nxe5 29. Qd1 Rh4 30. Bxe6+ Kh8 31. Bf5 g4 32. Qa4 Rd8 33. Rc8 Rxc8
34. Bxc8 Bxf2 35. Qf4 1-0

[Event "20. Open Ciutat de Montcada 2010"]
[Site "Montcada i Reixac ESP"]
[Date "2012.07.02"]
[Round "8.5"]
[White "Perez Mitjans, Orelvis"]
[Black "Del Rio De Angelis, Salvador G"]
[Result "1/2-1/2"]
[WhiteElo "2471"]
[BlackElo "2542"]
[PlyCount "67"]
[EventDate "2012.06.25"]
[EventType "swiss"]
[EventRounds "9"]
[EventCountry "ESP"]
[Source "lmi"]
[SourceDate "2012.06.25"]

1. e4 d6 2. d4 Nf6 3. Nc3 g6 4. Be3 Bg7 5. Qd2 c6 6. Bh6 Bxh6 7. Qxh6 Qa5 8.
Bd3 c5 9. dxc5 Qxc5 10. f3 Be6 11. Nge2 Nbd7 12. Qd2 Rb8 13. Nf4 b5 14. h4 b4
15. Nce2 Qe5 16. c3 bxc3 17. Nxc3 d5 18. Nxe6 Qxe6 19. Bb5 dxe4 20. O-O-O Rb7
21. Qh6 Qe5 22. Qg5 O-O 23. Bxd7 Nxd7 24. Qxe5 Nxe5 25. Nxe4 Rfb8 26. b3 a5 27.
Rd5 Nc6 28. Rhd1 Rb4 29. Rc5 R8b6 30. Nc3 Rxh4 31. Nd5 Ra6 32. Nc7 Rb6 33. Nd5
Ra6 34. Nc7 1/2-1/2

[Event "20. Open Ciutat de Montcada 2010"]
[Site "Montcada i Reixac ESP"]
[Date "2012.07.02"]
[Round "8.7"]
[White "Cori T, Deysi"]
[Black "Lopez Martinez, Josep Manuel"]
[Result "1-0"]
[WhiteElo "2386"]
[BlackElo "2506"]
[PlyCount "61"]
[EventDate "2012.06.25"]
[EventType "swiss"]
[EventRounds "9"]
[EventCountry "ESP"]
[Source "lmi"]
[SourceDate "2012.06.25"]

1. d4 e6 2. Nf3 b6 3. e4 Bb7 4. Bd3 c5 5. O-O cxd4 6. Nxd4 a6 7. Qe2 d6 8. f4
Nf6 9. Kh1 g6 10. Rd1 Qc7 11. Nc3 Nbd7 12. Bc4 Nc5 13. e5 dxe5 14. fxe5 Nfe4
15. Nxe4 Nxe4 16. Bf4 Bg7 17. Bxe6 fxe6 18. Nxe6 Qf7 19. Rd6 Nxd6 20. exd6 Kd7
21. Qc4 Rhf8 22. Re1 Bc6 23. Nxf8+ Rxf8 24. Re7+ Qxe7 25. dxe7 Rc8 26. Bg5 Bxb2
27. Qd3+ Kc7 28. Qd8+ Kb7 29. Bf4 Bb5 30. c4 Ba4 31. Qc7+ 1-0

[Event "20. Open Ciutat de Montcada 2010"]
[Site "Montcada i Reixac ESP"]
[Date "2012.07.02"]
[Round "8.9"]
[White "Cordova, Emilio"]
[Black "Pardo Simon, David"]
[Result "0-1"]
[WhiteElo "2566"]
[BlackElo "2421"]
[PlyCount "74"]
[EventDate "2012.06.25"]
[EventType "swiss"]
[EventRounds "9"]
[EventCountry "ESP"]
[Source "lmi"]
[SourceDate "2012.06.25"]

1. Nf3 b5 2. e4 Bb7 3. Bxb5 Bxe4 4. O-O c6 5. Nc3 Bxf3 6. Qxf3 Nf6 7. d4 d5 8.
Bd3 e6 9. Qh3 Nbd7 10. f4 g6 11. Bxg6 fxg6 12. Qxe6+ Qe7 13. f5 Bg7 14. Bg5
gxf5 15. Qxc6 O-O 16. Nxd5 Qe4 17. Bxf6 Nxf6 18. Nxf6+ Bxf6 19. Qxe4 fxe4 20.
c3 Rab8 21. Rf2 Bg5 22. Re2 e3 23. b3 a5 24. g3 h5 25. Kg2 a4 26. bxa4 Kg7 27.
Rd1 Rbc8 28. Rd3 Rc4 29. d5 Rxa4 30. h4 Bh6 31. d6 Rd8 32. Rd5 Kg6 33. Rb2 Rd7
34. Rb8 Rxa2+ 35. Kh3 Rd2 36. Re5 R2xd6 37. Rg8+ Kf7 0-1

[Event "20. Open Ciutat de Montcada 2010"]
[Site "Montcada i Reixac ESP"]
[Date "2012.07.02"]
[Round "8.10"]
[White "Cruz, Filemon"]
[Black "Ibarra Jerez, Jose Carlos"]
[Result "1/2-1/2"]
[WhiteElo "2404"]
[BlackElo "2523"]
[PlyCount "54"]
[EventDate "2012.06.25"]
[EventType "swiss"]
[EventRounds "9"]
[EventCountry "ESP"]
[Source "lmi"]
[SourceDate "2012.06.25"]

1. c4 e5 2. Nc3 Nf6 3. g3 Bb4 4. Bg2 h6 5. e3 Bxc3 6. dxc3 d6 7. e4 Be6 8. Qe2
Qd7 9. Nf3 Bh3 10. O-O Nc6 11. Re1 Ne7 12. c5 Bxg2 13. Kxg2 O-O 14. b3 Ng6 15.
cxd6 Qxd6 16. c4 Rfd8 17. Bb2 Qe6 18. Ng1 Rd7 19. Rad1 Rad8 20. f3 Qa6 21. Rxd7
Rxd7 22. Qc2 Qd6 23. Nh3 Nh7 24. Bc3 Nhf8 25. Nf2 Ne6 26. Rd1 Qe7 27. Rxd7 Qxd7
1/2-1/2

[Event "20. Open Ciutat de Montcada 2010"]
[Site "Montcada i Reixac ESP"]
[Date "2012.07.02"]
[Round "8.11"]
[White "Guerra Mendez, Jose Angel"]
[Black "Herraiz Hidalgo, Herminio"]
[Result "0-1"]
[WhiteElo "2434"]
[BlackElo "2489"]
[PlyCount "88"]
[EventDate "2012.06.25"]
[EventType "swiss"]
[EventRounds "9"]
[EventCountry "ESP"]
[Source "lmi"]
[SourceDate "2012.06.25"]

1. e4 e6 2. d4 d5 3. Nc3 Nf6 4. e5 Nfd7 5. f4 c5 6. Nf3 Nc6 7. Ne2 Qb6 8. c3 f6
9. a3 Be7 10. b4 cxd4 11. cxd4 O-O 12. Qd3 Qc7 13. Nc3 fxe5 14. dxe5 a5 15. b5
Nc5 16. Qc2 d4 17. Nd1 d3 18. Bxd3 Nxd3+ 19. Qxd3 Na7 20. Be3 Qd7 21. Qxd7 Bxd7
22. a4 Bb4+ 23. Ke2 Nc8 24. Rc1 Ne7 25. Rc7 Rfd8 26. Rxb7 Nd5 27. g3 Be8 28.
Bd4 Bg6 29. Nf2 Rac8 30. Ra1 Bh5 31. g4 Nxf4+ 32. Kf1 Bg6 33. h4 h5 34. Bb6 Rf8
35. Ng5 hxg4 36. Nxg4 Nd5+ 37. Bf2 Bf5 38. Nh2 Rc2 39. Nhf3 Bg4 40. Kg2 Bxf3+
41. Nxf3 Bc5 42. Ng5 Rfxf2+ 43. Kg3 Rc3+ 44. Kg4 Rg2+ 0-1

[Event "20. Open Ciutat de Montcada 2010"]
[Site "Montcada i Reixac ESP"]
[Date "2012.07.02"]
[Round "8.12"]
[White "Munoz Pantoja, Miguel"]
[Black "Navarro Ortiz De Orruno, Borja"]
[Result "1-0"]
[WhiteElo "2484"]
[BlackElo "2348"]
[PlyCount "131"]
[EventDate "2012.06.25"]
[EventType "swiss"]
[EventRounds "9"]
[EventCountry "ESP"]
[Source "lmi"]
[SourceDate "2012.06.25"]

1. e4 e6 2. d4 d5 3. Nd2 dxe4 4. Nxe4 Bd7 5. Nf3 Bc6 6. Bd3 Nd7 7. c4 Ngf6 8.
Nc3 Be7 9. O-O Bxf3 10. Qxf3 c6 11. Bf4 O-O 12. c5 Re8 13. Rfe1 Nf8 14. Rad1
Nd5 15. Be5 Nf6 16. b4 Nd5 17. Nxd5 exd5 18. Qg4 Ng6 19. Bxg6 hxg6 20. Re3 Qc8
21. Qxc8 Raxc8 22. Rde1 Bf8 23. Bd6 Rxe3 24. Rxe3 Rd8 25. f3 f6 26. Kf2 Kf7 27.
Bg3 Be7 28. Rb3 a6 29. a4 Rd7 30. b5 axb5 31. axb5 cxb5 32. Rxb5 Bd8 33. Ke2
Ke6 34. Kd3 b6 35. Rb1 Ra7 36. Rc1 Ra3+ 37. Ke2 Ra2+ 38. Kd3 Ra3+ 39. Ke2 bxc5
40. dxc5 Kd7 41. c6+ Kc8 42. c7 Ra2+ 43. Kd3 Rxg2 44. cxd8=Q+ Kxd8 45. Re1 Kd7
46. Kd4 Rd2+ 47. Kc5 g5 48. Re3 Rd1 49. Be1 d4 50. Re4 d3 51. Bb4 Rh1 52. Kd4
Rxh2 53. Kxd3 Rb2 54. Bf8 g6 55. Re7+ Kd8 56. Re6 Rb3+ 57. Ke2 g4 58. f4 Rb2+
59. Kf1 f5 60. Bg7 Rb3 61. Be5 g5 62. fxg5 Kd7 63. Rd6+ Ke7 64. Rf6 Rb5 65.
Bd6+ Kd7 66. g6 1-0

[Event "20. Open Ciutat de Montcada 2010"]
[Site "Montcada i Reixac ESP"]
[Date "2012.07.02"]
[Round "8.13"]
[White "Cori, Jorge"]
[Black "Vojinovic, Jovana"]
[Result "1-0"]
[WhiteElo "2479"]
[BlackElo "2375"]
[PlyCount "134"]
[EventDate "2012.06.25"]
[EventType "swiss"]
[EventRounds "9"]
[EventCountry "ESP"]
[Source "lmi"]
[SourceDate "2012.06.25"]

1. d4 e6 2. Nf3 f5 3. g3 Nf6 4. Bg2 d5 5. O-O Bd6 6. Bf4 O-O 7. Nbd2 Be7 8. c4
Nh5 9. cxd5 exd5 10. Qb3 c6 11. Bxb8 Rxb8 12. Ne5 Qb6 13. e3 Qxb3 14. Nxb3 g5
15. f4 g4 16. Rfc1 Nf6 17. Nc5 Rd8 18. b4 Rd6 19. a4 Bd8 20. b5 cxb5 21. axb5
Bb6 22. Rc2 Bd7 23. Nexd7 Nxd7 24. Na4 Kf7 25. Nxb6 axb6 26. Rc7 Ke7 27. Ra7
Kd8 28. Raxb7 Rxb7 29. Rxb7 Kc8 30. Ra7 Kb8 31. Ra2 Nf6 32. Rc2 Ng8 33. Bf1 Re6
34. Kf2 Ne7 35. h3 h5 36. Rc1 Rf6 37. Bg2 Rf8 38. hxg4 hxg4 39. Rh1 Kc7 40. Rh7
Kd6 41. Rh6+ Kc7 42. Rh7 Kd6 43. Rh6+ Kc7 44. Re6 Rf7 45. Bf1 Nc8 46. Bd3 Kd7
47. Rc6 Rf8 48. Bf1 Rf7 49. Bg2 Ne7 50. Rxb6 Rf8 51. Rb7+ Kd6 52. Rb6+ Kc7 53.
Ra6 Rb8 54. Bf1 Rh8 55. Kg1 Nc8 56. Bg2 Ne7 57. Bf1 Nc8 58. Rf6 Nd6 59. Bg2 Ra8
60. Bxd5 Ra1+ 61. Kf2 Rb1 62. Bc6 Rb2+ 63. Ke1 Nc4 64. Rxf5 Nxe3 65. Re5 Nc2+
66. Kd2 Na3+ 67. Kc3 Rg2 1-0

[Event "20. Open Ciutat de Montcada 2010"]
[Site "Montcada i Reixac ESP"]
[Date "2012.07.02"]
[Round "8.14"]
[White "Palit, Somak"]
[Black "Fernandez Cardoso, Alexey"]
[Result "1-0"]
[WhiteElo "2393"]
[BlackElo "2437"]
[PlyCount "83"]
[EventDate "2012.06.25"]
[EventType "swiss"]
[EventRounds "9"]
[EventCountry "ESP"]
[Source "lmi"]
[SourceDate "2012.06.25"]

1. d4 Nf6 2. Nc3 c5 3. d5 e5 4. e4 d6 5. f4 Nbd7 6. Nf3 exf4 7. Bxf4 Nh5 8. Be3
Be7 9. e5 dxe5 10. d6 Bf6 11. Qd2 O-O 12. O-O-O Nf4 13. g4 b6 14. Bxf4 exf4 15.
Nd5 Bb7 16. Qxf4 Bxd5 17. Rxd5 g6 18. h4 Bg7 19. g5 b5 20. h5 Qa5 21. a3 b4 22.
Qxb4 Qxb4 23. axb4 cxb4 24. Bb5 Rfd8 25. h6 Nb6 26. Rd2 Bf8 27. d7 a6 28. Bc6
Ra7 29. Re1 f6 30. Re8 Rdxd7 31. Bxd7 Nxd7 32. Rd8 Nc5 33. gxf6 Ne4 34. Re2
Nxf6 35. Ng5 Rd7 36. Ra8 Rd5 37. Rf2 Nd7 38. Ne6 Rf5 39. Rxf5 gxf5 40. Nxf8
Nxf8 41. Rxa6 Kf7 42. Rb6 1-0

[Event "20. Open Ciutat de Montcada 2010"]
[Site "Montcada i Reixac ESP"]
[Date "2012.07.02"]
[Round "8.16"]
[White "Cruz, Cristhian"]
[Black "Gomez Jurado, Luis Alberto"]
[Result "1-0"]
[WhiteElo "2507"]
[BlackElo "2270"]
[PlyCount "103"]
[EventDate "2012.06.25"]
[EventType "swiss"]
[EventRounds "9"]
[EventCountry "ESP"]
[Source "lmi"]
[SourceDate "2012.06.25"]

1. d4 d5 2. c4 c6 3. Nf3 Nf6 4. Nc3 e6 5. Bg5 h6 6. Bxf6 Qxf6 7. e3 g6 8. Bd3
Bg7 9. O-O O-O 10. e4 dxe4 11. Nxe4 Qd8 12. Bc2 Na6 13. Rb1 e5 14. Nxe5 c5 15.
f4 cxd4 16. b4 Qe7 17. c5 Bxe5 18. fxe5 Qxe5 19. Nd6 Nc7 20. Re1 Qf6 21. Be4
Rb8 22. Qa4 a6 23. Rb2 Nb5 24. Rf2 Qe7 25. Nxb5 axb5 26. Qd1 Re8 27. Qxd4 Bg4
28. Rff1 Rbd8 29. Qc3 Be6 30. Bf3 h5 31. Re3 Qc7 32. Rfe1 Bd7 33. Qf6 Rxe3 34.
Rxe3 Be6 35. Rxe6 fxe6 36. Qxg6+ Qg7 37. Qxe6+ Kh8 38. h3 Qd4+ 39. Kh1 Qf4 40.
a3 h4 41. Qe7 Rg8 42. Kg1 Rf8 43. Kf1 Qc4+ 44. Qe2 Qxe2+ 45. Kxe2 Ra8 46. Bxb7
Rxa3 47. Kd2 Rg3 48. c6 Rxg2+ 49. Kd3 Rg3+ 50. Kd4 Rb3 51. c7 Rxb4+ 52. Kd5 1-0

[Event "20. Open Ciutat de Montcada 2010"]
[Site "Montcada i Reixac ESP"]
[Date "2012.07.02"]
[Round "8.17"]
[White "Libiszewski, Fabien"]
[Black "Ramirez Garcia, Jorge Alberto"]
[Result "1-0"]
[WhiteElo "2495"]
[BlackElo "2234"]
[PlyCount "79"]
[EventDate "2012.06.25"]
[EventType "swiss"]
[EventRounds "9"]
[EventCountry "ESP"]
[Source "lmi"]
[SourceDate "2012.06.25"]

1. c4 e6 2. g3 d5 3. Bg2 dxc4 4. Qa4+ Nd7 5. Qxc4 Ngf6 6. Nf3 a6 7. Qc2 c5 8.
Nc3 Be7 9. O-O Ra7 10. d4 b6 11. Rd1 Bb7 12. dxc5 Bxc5 13. Na4 Be4 14. Qc3 Be7
15. Be3 Nd5 16. Qxg7 Bf6 17. Qh6 Bc2 18. Rxd5 exd5 19. Nc3 Bxc3 20. bxc3 Qf6
21. Qh5 Qf5 22. Qh4 Qe4 23. Qh6 Qg6 24. Qf4 Be4 25. Bh3 f6 26. Be6 Ke7 27. Nd4
Ne5 28. f3 Bc2 29. Rc1 Ba4 30. Bxd5 Bd7 31. Nb3 Rb8 32. Qb4+ Ke8 33. Qd6 Rab7
34. Nd2 Nf7 35. Qf4 Ne5 36. Ne4 Ke7 37. Bd4 Be6 38. Bxe5 fxe5 39. Qxe5 Qf5 40.
Qd6+ 1-0

[Event "20. Open Ciutat de Montcada 2010"]
[Site "Montcada i Reixac ESP"]
[Date "2012.07.02"]
[Round "8.19"]
[White "Sanchez Jerez, Emilio Miguel"]
[Black "Panelo, Marcelo"]
[Result "0-1"]
[WhiteElo "2255"]
[BlackElo "2451"]
[PlyCount "84"]
[EventDate "2012.06.25"]
[EventType "swiss"]
[EventRounds "9"]
[EventCountry "ESP"]
[Source "lmi"]
[SourceDate "2012.06.25"]

1. e4 e5 2. Nf3 Nc6 3. Bc4 Nf6 4. Ng5 Bc5 5. Bxf7+ Ke7 6. Bb3 Rf8 7. Nc3 d6 8.
h3 Qe8 9. d3 Qg6 10. O-O h6 11. Nf3 Bxh3 12. Nh4 Qg3 13. Qf3 Qxf3 14. Nxf3 Bg4
15. Nh4 Kd7 16. Ng6 Rfe8 17. Na4 Bb4 18. a3 Ba5 19. Bf7 Red8 20. b4 Bb6 21.
Nxb6+ axb6 22. f4 Be2 23. b5 Ne7 24. fxe5 Nxg6 25. Bxg6 dxe5 26. Rf5 Ke6 27. d4
exd4 28. Bf4 d3 29. Re5+ Kd6 30. Rd5+ Ke7 31. Re5+ Kf8 32. Bd2 Kg8 33. a4 Rd6
34. c4 Ng4 35. Re8+ Rxe8 36. Bxe8 Ne5 37. c5 Rd8 38. c6 Rxe8 39. cxb7 Rb8 40.
a5 bxa5 41. Bf4 Rxb7 42. Bxe5 d2 0-1